[Event "Abitibi"]
[Site "CAN"]
[Date "1982.03.28"]
[Round "4"]
[White "Toulouse, Ronald"]
[Black "Lyrette, Alain"]
[Result "1-0"]
[WhiteElo "1625"]
[BlackElo "1616"]
[PlyCount "37"]
[GameId "2160767912848635"]
[EventDate "1982.03.27"]
[EventType "swiss"]
[EventRounds "5"]
[EventCountry "CAN"]

1. d4 Nf6 2. c4 g6 3. Nc3 Bg7 4. Bg5 O-O 5. Nf3 d6 6. e3 c6 7. Bd3 Nbd7 8. O-O h6 9. Bh4 Nh7 10. Qc2 f5 11. Rfe1 Qe8 12. e4 g5 13. Bg3 fxe4 14. Nxe4 Ndf6 15. Nxd6 Qd8 16. Nxc8 Rxc8 17. Bf5 Ra8 18. Be6+ Kh8 19. Ne5 1-0

[Event "Abitibi"]
[Site "CAN"]
[Date "1982.03.28"]
[Round "5"]
[White "Bastien, Andre"]
[Black "Arsenault, Michel"]
[Result "0-1"]
[WhiteElo "1682"]
[BlackElo "1709"]
[PlyCount "56"]
[GameId "2160767912848636"]
[EventDate "1982.03.27"]
[EventType "swiss"]
[EventRounds "5"]
[EventCountry "CAN"]

1. d4 Nf6 2. c4 c5 3. d5 b5 4. cxb5 a6 5. e3 d6 6. Nc3 g6 7. g3 Bg7 8. Bg2 O-O 9. Nf3 axb5 10. Nxb5 Qa5+ 11. Nc3 Ba6 12. Bd2 Qc7 13. Ng1 Nbd7 14. Nge2 Rfb8 15. b3 Ne5 16. e4 Nd3+ 17. Kf1 c4 18. Rb1 Ng4 19. Be3 cxb3 20. Kg1 Bxc3 21. Nxc3 Qxc3 22. axb3 Nxe3 23. fxe3 Bc4 24. Bf1 Ne5 25. Bxc4 Nxc4 26. bxc4 Rxb1 27. Qxb1 Ra1 28. Kf2 Rxb1 0-1

[Event "Abitibi-Temiscamingue"]
[Site "Abitibi CAN"]
[Date "1982.10.07"]
[Round "1"]
[White "Gagnon, Fabien"]
[Black "Cote, Jean-Paul"]
[Result "1-0"]
[WhiteElo "1450"]
[BlackElo "1450"]
[PlyCount "121"]
[GameId "2160767912811260"]
[EventDate "1982.10.07"]
[EventType "tourn"]
[EventRounds "4"]
[EventCountry "CAN"]

1. e4 c6 2. d4 d5 3. exd5 cxd5 4. c4 Nf6 5. Nc3 e6 6. Nf3 Be7 7. Bd3 Qc7 8. cxd5 exd5 9. O-O O-O 10. Nb5 Qb6 11. Bf4 a6 12. Bc7 Qe6 13. Re1 Ne4 14. Nc3 f5 15. Rc1 Kh8 16. Qb3 Nc6 17. Nxd5 Nb4 18. Bc4 b5 19. Nxe7 Qxe7 20. Bd5 Nxd5 21. Qxd5 Be6 22. Bd6 Bxd5 23. Bxe7 Rfe8 24. Bg5 h6 25. Bf4 Bxa2 26. Be5 Ra7 27. Re3 Be6 28. Nh4 Rc8 29. Rxc8+ Bxc8 30. Ng6+ Kg8 31. Nf4 Nd2 32. Bb8 Rf7 33. Re8+ Rf8 34. Rxf8+ Kxf8 35. Be5 Nc4 36. Nd3 Nxe5 37. dxe5 g5 38. b4 Ke7 39. Nc5 h5 40. Kf1 f4 41. Ke2 g4 42. g3 fxg3 43. fxg3 Kf7 44. Ke3 Kg6 45. Kf4 Kh6 46. Ke4 Kg5 47. Kd5 h4 48. e6 hxg3 49. hxg3 Kf6 50. Kd6 Bxe6 51. Nxe6 a5 52. bxa5 b4 53. Nd4 b3 54. Nxb3 Kf5 55. Nd4+ Ke4 56. a6 Kxd4 57. a7 Ke3 58. a8=Q Kf2 59. Qa3 Kg2 60. Qe3 Kh3 61. Qf4 1-0

[Event "Abitibi-Temiscamingue"]
[Site "Abitibi CAN"]
[Date "1982.10.14"]
[Round "2"]
[White "Daigle, Jacques"]
[Black "Gagnon, Fabien"]
[Result "0-1"]
[WhiteElo "1380"]
[BlackElo "1450"]
[PlyCount "90"]
[GameId "2160767912811261"]
[EventDate "1982.10.07"]
[EventType "tourn"]
[EventRounds "4"]
[EventCountry "CAN"]

1. e4 c5 2. Bc4 Nf6 3. d3 Nc6 4. c3 e6 5. Nf3 d5 6. exd5 exd5 7. Bb3 Bg4 8. O-O Be7 9. Be3 O-O 10. Nbd2 Re8 11. Qc2 a5 12. a4 Rc8 13. d4 cxd4 14. Nxd4 Nxd4 15. Bxd4 Bc5 16. Qd3 Be2 17. Qg3 Bxf1 18. Rxf1 Bxd4 19. cxd4 Re2 20. Nf3 Rxb2 21. Nh4 Qc7 22. h3 Qxg3 23. fxg3 Rxb3 24. Nf5 Re8 25. g4 g6 26. Nd6 Re2 27. Rxf6 Rb1+ 28. Rf1 Rxf1+ 29. Kxf1 Ra2 30. Nxb7 Rxa4 31. g3 Rxd4 32. Nxa5 Ra4 33. Nc6 d4 34. Ne5 f6 35. Nd3 Ra3 36. Ke2 Kf7 37. h4 Ke6 38. h5 g5 39. h6 Kd5 40. Nb4+ Ke4 41. Kd2 Rxg3 42. Nc6 Rxg4 43. Nd8 Rg2+ 44. Kd1 Kd3 45. Ne6 Rg1# 0-1

[Event "Abitibi-Temiscamingue"]
[Site "Abitibi CAN"]
[Date "1982.10.21"]
[Round "3"]
[White "Carle, Francois"]
[Black "Gagnon, Fabien"]
[Result "1-0"]
[WhiteElo "1550"]
[BlackElo "1450"]
[PlyCount "73"]
[GameId "2160767912811262"]
[EventDate "1982.10.07"]
[EventType "tourn"]
[EventRounds "4"]
[EventCountry "CAN"]

1. f4 Nf6 2. Nf3 g6 3. b3 Bg7 4. Bb2 d6 5. e3 c5 6. Be2 O-O 7. h3 Nc6 8. O-O e6 9. c4 Bd7 10. Nc3 a6 11. g4 Qe7 12. Qe1 Nb4 13. Qh4 Rfe8 14. Nh2 Nfd5 15. g5 Nxc3 16. Bxc3 Bxc3 17. dxc3 Nc2 18. Ng4 h5 19. Nf6+ Kg7 20. Nxe8+ Rxe8 21. Rac1 Nxe3 22. Rf3 Nf5 23. Qf2 Bc6 24. Rd3 e5 25. Re1 e4 26. Rdd1 e3 27. Qh2 Nh4 28. Rf1 Bg2 29. Rfe1 Qe4 30. Rxd6 Nf3+ 31. Bxf3 Qxf3 32. Qxg2 Qxf4 33. Rf6 Qh4 34. Re2 Re5 35. Qf3 Rxg5+ 36. Kf1 Rg3 37. Rxf7+ 1-0

[Event "Abitibi-Temiscamingue"]
[Site "Abitibi CAN"]
[Date "1982.11.12"]
[Round "4"]
[White "Saint-Pierre, Gilles"]
[Black "Gagnon, Fabien"]
[Result "1-0"]
[WhiteElo "1720"]
[BlackElo "1450"]
[PlyCount "61"]
[GameId "2160767912811263"]
[EventDate "1982.10.07"]
[EventType "tourn"]
[EventRounds "4"]
[EventCountry "CAN"]

1. f4 Nf6 2. Nf3 c5 3. d3 d5 4. h3 Nc6 5. Nbd2 b6 6. e4 dxe4 7. dxe4 e6 8. c3 Bb7 9. Bb5 Be7 10. Qa4 Qc7 11. Ne5 Rc8 12. Qxa7 O-O 13. Nxc6 Ra8 14. Nxe7+ Kh8 15. Qxb7 Qxb7 16. Nc6 Rac8 17. Ne5 Nxe4 18. O-O Nxd2 19. Bxd2 Rcd8 20. Be3 Qe4 21. Rae1 Qc2 22. Re2 Qf5 23. g4 Qf6 24. Nd7 Qh4 25. Nxf8 Rxf8 26. Kh2 Rd8 27. Ree1 Rd6 28. f5 Qd8 29. Bf4 Rd1 30. fxe6 Rxe1 31. Rxe1 1-0

[Event "Alberta op"]
[Site "Calgary CAN"]
[Date "1982.10.10"]
[Round "3"]
[White "Hawkes, Rob"]
[Black "Mueller, Wolfgang"]
[Result "0-1"]
[WhiteElo "2193"]
[BlackElo "1983"]
[PlyCount "62"]
[GameId "2160767912811236"]
[EventDate "1982.10.09"]
[EventType "swiss"]
[EventRounds "6"]
[EventCountry "CAN"]
[SourceTitle "CFC 1982.11"]

1. e4 c5 2. Nf3 Nc6 3. d4 cxd4 4. Nxd4 Nf6 5. Nc3 e5 6. Ndb5 d6 7. Bg5 a6 8. Bxf6 gxf6 9. Na3 d5 10. Nxd5 Bxa3 11. bxa3 Be6 12. Bc4 Qa5+ 13. Qd2 Qxd2+ 14. Kxd2 O-O-O 15. Kc3 f5 16. Nb6+ Kc7 17. exf5 Bxf5 18. Rab1 Nd4 19. Rb2 Rd6 20. Rhb1 Be4 21. f3 Bc6 22. a4 f5 23. Bf1 Rhd8 24. Nc4 Rd5 25. Re1 b5 26. Ne3 Rc5+ 27. Kb4 a5+ 28. Ka3 b4+ 29. Rxb4 axb4+ 30. Kxb4 Rxc2 31. Bc4 f4 0-1

[Event "Apollo V"]
[Site "Hull CAN"]
[Date "1982.02.16"]
[Round "1"]
[White "Solunac, Sasha"]
[Black "Dube, Jacques"]
[Result "0-1"]
[WhiteElo "1573"]
[BlackElo "1660"]
[PlyCount "76"]
[GameId "2160767912848708"]
[EventDate "1982.02.16"]
[EventType "swiss"]
[EventRounds "5"]
[EventCountry "CAN"]
[SourceTitle "Matou #15"]

1. e4 c5 2. Nf3 d6 3. d4 cxd4 4. Nxd4 Nf6 5. Nc3 e6 6. Bc4 Be7 7. f4 O-O 8. f5 d5 9. exd5 exd5 10. Bb3 Bc5 11. O-O Nc6 12. Be3 Re8 13. Bf2 Ne7 14. Qd3 b6 15. Ba4 Bd7 16. Bxd7 Qxd7 17. Qb5 Qc8 18. Rae1 a6 19. Qd3 Nc6 20. Rxe8+ Qxe8 21. Re1 Qd7 22. Nxc6 Qxc6 23. Bd4 Bxd4+ 24. Qxd4 h5 25. Re5 Rd8 26. Qd3 b5 27. Ne2 Qc4 28. Nc1 Ng4 29. Qxc4 dxc4 30. Re1 Rd2 31. h3 Nf6 32. Kf1 Rxc2 33. b3 c3 34. a3 Rd2 35. Re2 Rd1+ 36. Re1 c2 37. Ke2 Ne4 38. Rxd1 Nc3+ 0-1

[Event "Apollo V"]
[Site "Hull CAN"]
[Date "1982.03.02"]
[Round "3"]
[White "Tourigny, Pierre"]
[Black "Labonte, Rejean"]
[Result "1-0"]
[WhiteElo "1425"]
[BlackElo "1438"]
[PlyCount "93"]
[GameId "2160767912848709"]
[EventDate "1982.02.16"]
[EventType "swiss"]
[EventRounds "5"]
[EventCountry "CAN"]
[SourceTitle "Matou #15"]

1. b3 Nc6 2. Bb2 Nf6 3. e3 d6 4. Bb5 a6 5. Bxc6+ bxc6 6. Nf3 e5 7. d4 e4 8. Nfd2 d5 9. c4 Be7 10. Na3 O-O 11. O-O Bg4 12. f3 exf3 13. Nxf3 Ne4 14. Qc2 Qd6 15. Ne5 Bh5 16. Rac1 f6 17. cxd5 cxd5 18. Nd3 Rac8 19. Nc5 Bg6 20. Nxe4 Bxe4 21. Qc6 Qb4 22. Rf2 Bd6 23. Nc2 Qa5 24. Bc3 Qxa2 25. Na1 Qa3 26. Bb2 Qa5 27. Bc3 Qb6 28. Be1 Rfe8 29. Rb2 Ba3 30. Qxb6 cxb6 31. Rxc8 Rxc8 32. Ra2 Bc1 33. Kf2 a5 34. b4 axb4 35. Bxb4 Rc4 36. Bd6 b5 37. Nb3 Bxe3+ 38. Kxe3 Rc3+ 39. Kf4 Rxb3 40. Ra8+ Kf7 41. Ra7+ Kg6 42. Bf8 Kh5 43. Rxg7 Bg6 44. Be7 Kh6 45. Bxf6 Rb2 46. Rb7 b4 47. Bg5+ 1-0

[Event "Apollo VI"]
[Site "Hull CAN"]
[Date "1982.04.06"]
[Round "1"]
[White "Latreille, Pierre"]
[Black "Maisonneuve, Jude"]
[Result "1-0"]
[WhiteElo "1501"]
[BlackElo "1692"]
[PlyCount "61"]
[GameId "2160767912848611"]
[EventDate "1982.04.06"]
[EventType "swiss"]
[EventRounds "6"]
[EventCountry "CAN"]
[SourceTitle "Matou #16"]

1. e4 c5 2. c3 e6 3. d4 cxd4 4. cxd4 Nf6 5. Nc3 Bb4 6. Bd3 Nc6 7. Nf3 h6 8. O-O d6 9. d5 Bxc3 10. dxc6 Be5 11. cxb7 Bxb7 12. Nxe5 dxe5 13. Qa4+ Kf8 14. Rd1 Kg8 15. b3 Nxe4 16. Bb2 Nc5 17. Qb4 Qg5 18. Bf1 Rc8 19. Rac1 Qf4 20. Qxf4 exf4 21. Be5 Kh7 22. b4 Na6 23. Bd3+ f5 24. a3 Rxc1 25. Rxc1 Rd8 26. Bc4 Re8 27. Bxa6 Bxa6 28. Rc7 Rc8 29. Rxg7+ Kh8 30. Rxa7+ Kg8 31. Bxf4 1-0

[Event "Apollo VI"]
[Site "Hull CAN"]
[Date "1982.04.13"]
[Round "2"]
[White "Dube, Jacques"]
[Black "Latreille, Pierre"]
[Result "0-1"]
[WhiteElo "1664"]
[BlackElo "1501"]
[PlyCount "130"]
[GameId "2160767912848612"]
[EventDate "1982.04.06"]
[EventType "swiss"]
[EventRounds "6"]
[EventCountry "CAN"]
[SourceTitle "Matou #16"]

1. e4 d6 2. d4 Nf6 3. Nc3 g6 4. f4 Bg7 5. Nf3 O-O 6. Bc4 Nxe4 7. Bxf7+ Rxf7 8. Nxe4 h6 9. O-O Nd7 10. Nh4 Nf8 11. Ng3 e6 12. Nf3 b6 13. c3 Bb7 14. Qe1 Qe7 15. Nh1 Nh7 16. Qg3 Qf6 17. Bd2 Raf8 18. h3 Bxf3 19. Rxf3 Qf5 20. Rc1 Nf6 21. Nf2 h5 22. Qh4 Ne4 23. Nxe4 Qxe4 24. Re1 Qd5 25. a3 c5 26. Kh2 cxd4 27. cxd4 Bxd4 28. Bc1 Bc5 29. Qg3 Kh7 30. Rd3 Bf2 31. Rxd5 Bxg3+ 32. Kxg3 exd5 33. Rd1 Rc8 34. Be3 Re7 35. Bd4 Re4 36. Kf3 Rc4 37. Be3 Re6 38. Rxd5 Rc2 39. Rb5 Kg7 40. g4 h4 41. f5 gxf5 42. Bd4+ Kh7 43. Rxf5 Rh2 44. Rf7+ Kg8 45. Rg7+ Kf8 46. Rxa7 Rxh3+ 47. Kf4 Rb3 48. Rh7 h3 49. Kf5 Re2 50. Kf6 Rf3+ 51. Kg6 Ke8 52. Rh8+ Kd7 53. g5 h2 54. Rh7+ Kc6 55. Bh8 b5 56. Bf6 Rf1 57. Kf7 h1=Q 58. Rxh1 Rxh1 59. g6 Rg1 60. g7 Rxg7+ 61. Bxg7 d5 62. Bd4 Re4 63. Bc3 Kc5 64. Kf6 d4 65. Bd2 Kc4 0-1

[Event "Apollo VI"]
[Site "Hull CAN"]
[Date "1982.04.20"]
[Round "3"]
[White "Labonte, Rejean"]
[Black "Maisonneuve, Jude"]
[Result "1/2-1/2"]
[WhiteElo "1418"]
[BlackElo "1692"]
[PlyCount "84"]
[GameId "2160767912848613"]
[EventDate "1982.04.06"]
[EventType "swiss"]
[EventRounds "6"]
[EventCountry "CAN"]
[SourceTitle "Matou #16"]

1. Nf3 b6 2. d4 e6 3. c4 Nf6 4. Bg5 d5 5. e3 Nbd7 6. cxd5 exd5 7. Nc3 Be7 8. Bb5 O-O 9. Bc6 Ba6 10. Bxa8 Qxa8 11. Bxf6 Nxf6 12. Ne5 c5 13. Nd3 Qc8 14. O-O Qf5 15. Ne5 Bxf1 16. Qxf1 cxd4 17. exd4 Bd6 18. Re1 Re8 19. f4 Nh5 20. Qf3 Bxe5 21. dxe5 d4 22. Qc6 Rc8 23. Nd5 Rxc6 24. Ne7+ Kf8 25. Nxf5 d3 26. Rd1 Nxf4 27. g3 Ne2+ 28. Kf1 Nc1 29. Nd4 Rc7 30. a3 Ke7 31. Ke1 f6 32. exf6+ gxf6 33. Kd2 Ne2 34. Re1 Kf7 35. Nxe2 dxe2 36. Rxe2 Rd7+ 37. Ke3 Re7+ 38. Kf3 Rxe2 39. Kxe2 Ke6 40. Ke3 Ke5 41. g4 h6 42. h3 a6 1/2-1/2

[Event "Apollo VI"]
[Site "Hull CAN"]
[Date "1982.04.20"]
[Round "3"]
[White "Laurin, Jacques"]
[Black "Latreille, Pierre"]
[Result "0-1"]
[WhiteElo "1901"]
[BlackElo "1501"]
[PlyCount "92"]
[GameId "2160767912848614"]
[EventDate "1982.04.06"]
[EventType "swiss"]
[EventRounds "6"]
[EventCountry "CAN"]
[SourceTitle "Matou #16"]

1. d4 d5 2. c4 e6 3. Nc3 Bb4 4. e3 Nf6 5. Bd2 O-O 6. Bd3 c5 7. Nge2 Nc6 8. a3 Bxc3 9. Bxc3 dxc4 10. Bxc4 Na5 11. Qa4 Nxc4 12. Qxc4 cxd4 13. Nxd4 Nd5 14. O-O Bd7 15. Qd3 a6 16. Rfd1 Qe7 17. Nf3 Rfd8 18. Qd4 Nxc3 19. Qxc3 Bc6 20. Rd4 Rac8 21. Rc1 Bd7 22. Rc4 Rxc4 23. Qxc4 Bc6 24. Ne5 Bb5 25. Qc3 Qd6 26. f4 f6 27. Nc4 Qd3 28. Na5 Qe4 29. Kf2 Kf7 30. Re1 b6 31. a4 Bxa4 32. Nc4 Bc6 33. Rg1 Rd3 34. Qc2 b5 35. Nd6+ Rxd6 36. Qxe4 Bxe4 37. Ke2 Ke7 38. Rc1 Bxg2 39. Rc7+ Rd7 40. Rxd7+ Kxd7 41. Kd3 Kd6 42. b4 f5 43. Kd4 Be4 44. h3 h6 45. Kc3 Kd5 46. h4 h5 0-1

[Event "Apollo VI"]
[Site "Hull CAN"]
[Date "1982.05.04"]
[Round "5"]
[White "Laurin, Denys"]
[Black "Dube, Jacques"]
[Result "0-1"]
[WhiteElo "1901"]
[BlackElo "1664"]
[PlyCount "78"]
[GameId "2160767912848615"]
[EventDate "1982.04.06"]
[EventType "swiss"]
[EventRounds "6"]
[EventCountry "CAN"]
[SourceTitle "Matou #16"]

1. e4 d6 2. d4 Nf6 3. Nc3 g6 4. f4 Bg7 5. Nf3 c5 6. e5 Nfd7 7. exd6 O-O 8. dxe7 Qxe7+ 9. Be2 Nb6 10. O-O cxd4 11. Nb1 Qc5 12. Bd3 Nc6 13. Nbd2 Nd5 14. Ne4 Qb6 15. Re1 Ne3 16. Qe2 Bg4 17. Bxe3 Bxf3 18. gxf3 dxe3 19. c3 f5 20. Nd6 Nd4 21. cxd4 Qxd6 22. Rad1 Bxd4 23. Bc4+ Kg7 24. Rd3 Qxf4 25. Kh1 Rac8 26. Rb3 Bb6 27. Rb4 Rfd8 28. Rd1 Rd2 29. Rxd2 exd2 30. Qe7+ Kh6 31. Be2 Rc1+ 32. Kg2 Qg5+ 33. Qxg5+ Kxg5 34. a4 f4 35. a5 Be3 36. Rxb7 Re1 37. h4+ Kh6 38. Bc4 Rg1+ 39. Kh2 d1=Q 0-1

[Event "Apollo VI"]
[Site "Hull CAN"]
[Date "1982.05.04"]
[Round "5"]
[White "Laurin, Jacques"]
[Black "Labonte, Rejean"]
[Result "1-0"]
[WhiteElo "1591"]
[BlackElo "1418"]
[PlyCount "65"]
[GameId "2160767912848616"]
[EventDate "1982.04.06"]
[EventType "swiss"]
[EventRounds "6"]
[EventCountry "CAN"]
[SourceTitle "Matou #16"]

1. d4 d5 2. c4 e6 3. Nc3 Nf6 4. Nf3 Nbd7 5. Bg5 c6 6. e3 Qa5 7. Bxf6 Nxf6 8. Bd3 Bb4 9. Qc2 dxc4 10. Bxc4 O-O 11. Bd3 c5 12. O-O cxd4 13. Nxd4 Bxc3 14. bxc3 Bd7 15. f4 Rac8 16. Rac1 Nd5 17. Bxh7+ Kh8 18. Rf3 Qxc3 19. Rh3 Qxc2 20. Bxc2+ Kg8 21. Bh7+ Kh8 22. Re1 Rc3 23. g4 Rfc8 24. f5 Nf4 25. Rh4 Nd3 26. fxe6 Nxe1 27. Bg6+ Kg8 28. exf7+ Kf8 29. Rh8+ Ke7 30. Nf5+ Bxf5 31. Re8+ Kd7 32. Bxf5+ Kc7 33. Rxc8+ 1-0

[Event "Apollo VII"]
[Site "Hull CAN"]
[Date "1982.11.18"]
[Round "1"]
[White "Filiatreault, Claude"]
[Black "Blais, Robert"]
[Result "0-1"]
[WhiteElo "1399"]
[BlackElo "1528"]
[PlyCount "56"]
[GameId "2160767912811194"]
[EventDate "1982.11.18"]
[EventType "swiss"]
[EventRounds "7"]
[EventCountry "CAN"]
[SourceTitle "Matou #18"]

1. d4 d5 2. c4 e6 3. Nf3 Nf6 4. e3 b6 5. Nc3 Ba6 6. b3 Nbd7 7. Bd3 dxc4 8. bxc4 Bb4 9. Bd2 c5 10. Qa4 Bb7 11. Be2 O-O 12. O-O Bxc3 13. Bxc3 Ne4 14. Qc2 Ndf6 15. Rad1 Nxc3 16. Qxc3 Ne4 17. Qd3 Qe7 18. d5 exd5 19. cxd5 Rfd8 20. Qc4 Rd6 21. Nd2 Bxd5 22. Qc2 Nxd2 23. Rxd2 Be4 24. Bd3 Rad8 25. Rfd1 Qd7 26. Bb5 Rxd2 27. Bxd7 Rxc2 28. Kf1 Bc6 0-1

[Event "Apollo VII"]
[Site "Hull CAN"]
[Date "1982.11.25"]
[Round "1"]
[White "Rose, Richard"]
[Black "Laurin, Marcel"]
[Result "1-0"]
[WhiteElo "1476"]
[BlackElo "1728"]
[PlyCount "137"]
[GameId "2160767912811195"]
[EventDate "1982.11.18"]
[EventType "swiss"]
[EventRounds "7"]
[EventCountry "CAN"]
[SourceTitle "Matou #18"]

1. e4 c5 2. g3 Nc6 3. Bg2 e5 4. Nf3 d6 5. d3 Be7 6. O-O Nf6 7. c4 Bg4 8. Be3 h6 9. h3 Be6 10. Nc3 Qd7 11. Kh2 g5 12. Ng1 g4 13. h4 h5 14. Nd5 Bxd5 15. cxd5 Nd8 16. Rb1 a5 17. a3 a4 18. b3 axb3 19. Qxb3 Qc7 20. Rfd1 Nd7 21. Rdc1 b6 22. Bf1 Nb7 23. Be2 Qd8 24. f3 Bxh4 25. fxg4 hxg4 26. Kg2 Bxg3 27. Kxg3 Qh4+ 28. Kg2 Ke7 29. Kf1 Rag8 30. Rc2 Rg6 31. Bd1 Rf6+ 32. Rf2 Rxf2+ 33. Bxf2 g3 34. Be3 Qf6+ 35. Bf3 Rh1 36. Qd1 g2+ 37. Kxg2 Qh4 38. Kf1 Rh2 39. Qe1 Qh7 40. Bg4 Qg6 41. Qg3 Ra2 42. Qh4+ f6 43. Bxd7 Kxd7 44. Qh3+ Kc7 45. Bc1 Nd8 46. Ne2 Rc2 47. Rb2 Rxb2 48. Bxb2 Nf7 49. Nc3 Ng5 50. Nb5+ Kd8 51. Qh8+ Ke7 52. Qb8 Nf3 53. Qxd6+ Kf7 54. Qc7+ Kg8 55. d6 Qg1+ 56. Ke2 Qg2+ 57. Ke3 Ng1 58. Nc3 Qf3+ 59. Kd2 Qf2+ 60. Kc1 Ne2+ 61. Nxe2 Qe1+ 62. Kc2 Qxe2+ 63. Kc3 Qe1+ 64. Kc4 Qf2 65. d7 Qc2+ 66. Bc3 b5+ 67. Kd5 Qxd3+ 68. Kc6 Qxe4+ 69. Kb6 1-0

[Event "Apollo VII"]
[Site "Hull CAN"]
[Date "1982.11.18"]
[Round "2"]
[White "Rose, Richard"]
[Black "Page, Richard"]
[Result "0-1"]
[WhiteElo "1518"]
[BlackElo "1241"]
[PlyCount "54"]
[GameId "2160767912811196"]
[EventDate "1982.11.18"]
[EventType "swiss"]
[EventRounds "7"]
[EventCountry "CAN"]
[SourceTitle "Matou #18"]

1. e4 e5 2. Nf3 Nc6 3. Bc4 Nf6 4. Ng5 d5 5. exd5 Nxd5 6. d3 f6 7. Qf3 Nce7 8. Ne4 b6 9. Qh5+ g6 10. Qf3 Bg7 11. Bxd5 Nxd5 12. c4 Nb4 13. Nxf6+ Bxf6 14. Qxa8 Nc2+ 15. Ke2 Nxa1 16. Na3 Bg4+ 17. Qf3 Bxf3+ 18. gxf3 Be7 19. Nb5 a6 20. Nc3 Bg5 21. Bxg5 Qxg5 22. Rxa1 c6 23. Ne4 Qg2 24. h4 O-O 25. Kd2 Rxf3 26. Kc3 Qg4 27. Rh1 Qxe4 0-1

[Event "Apollo VII"]
[Site "Hull CAN"]
[Date "1982.12.30"]
[Round "6"]
[White "Bourgeois, Simon"]
[Black "Filiatreault, Claude"]
[Result "1-0"]
[WhiteElo "1195"]
[BlackElo "1399"]
[PlyCount "43"]
[GameId "2160767912811197"]
[EventDate "1982.11.18"]
[EventType "swiss"]
[EventRounds "7"]
[EventCountry "CAN"]
[SourceTitle "Matou #18"]

1. e4 c5 2. Nf3 Nc6 3. Bb5 Nf6 4. Nc3 e5 5. O-O d6 6. Re1 Bd7 7. d3 Nd4 8. Nxd4 cxd4 9. Nd5 Bxb5 10. Bg5 Be7 11. h3 h6 12. Bh4 Bc6 13. Qf3 g5 14. Bg3 Bxd5 15. exd5 Qa5 16. Bxe5 Qxd5 17. Qxd5 Nxd5 18. Bxh8 O-O-O 19. Bxd4 Bf6 20. Bxf6 Nxf6 21. Re7 Rf8 22. c4 1-0

[Event "Apollo VII"]
[Site "Hull CAN"]
[Date "1982.12.28"]
[Round "7"]
[White "Maisonneuve, Jude"]
[Black "Laurin, Marcel"]
[Result "0-1"]
[WhiteElo "1795"]
[BlackElo "1728"]
[PlyCount "64"]
[GameId "2160767912811198"]
[EventDate "1982.11.18"]
[EventType "swiss"]
[EventRounds "7"]
[EventCountry "CAN"]
[SourceTitle "Matou #18"]

1. e4 e5 2. Nf3 Nc6 3. d4 exd4 4. c3 dxc3 5. Nxc3 d6 6. Bc4 Be7 7. O-O Be6 8. Qe2 Nf6 9. Bxe6 fxe6 10. e5 Nxe5 11. Nxe5 dxe5 12. Qb5+ Kf7 13. Qxb7 Rf8 14. Rd1 Bd6 15. Bg5 Kg8 16. Ne4 Rf7 17. Qb3 Qe7 18. Rac1 h6 19. Qb7 Rd8 20. Nxf6+ gxf6 21. Bxh6 Rh7 22. Be3 e4 23. Qxe4 Bxh2+ 24. Kf1 Rxd1+ 25. Rxd1 Bd6 26. Bxa7 Qe8 27. Qc4 Rh1+ 28. Ke2 Qh5+ 29. f3 Qe5+ 30. Qe4 Qxb2+ 31. Rd2 Qb5+ 32. Kf2 Rf1+ 0-1

[Event "Automne/Fall op"]
[Site "Montreal CAN"]
[Date "1982.11.20"]
[Round "1"]
[White "Dube, Francois"]
[Black "Morin, Louis"]
[Result "1-0"]
[WhiteElo "1690"]
[BlackElo "1968"]
[PlyCount "125"]
[GameId "2160767912811187"]
[EventDate "1982.11.20"]
[EventType "swiss"]
[EventRounds "4"]
[EventCountry "CAN"]
[SourceTitle "hb 2013"]

1. e4 c5 2. Nf3 e6 3. Qe2 Nc6 4. g3 g6 5. Bg2 Bg7 6. c3 Nge7 7. O-O O-O 8. Rd1 e5 9. d3 d6 10. Na3 f5 11. d4 fxe4 12. Qxe4 exd4 13. cxd4 Bf5 14. Qe2 cxd4 15. Nb5 d3 16. Rxd3 Bxd3 17. Qxd3 d5 18. Ng5 Rf6 19. Bf4 Rc8 20. Re1 Qd7 21. Rd1 Nb4 22. Qe2 Rc2 23. Bd2 d4 24. a3 d3 25. Qe4 Nbc6 26. Nc3 Qf5 27. Qc4+ Kh8 28. Bf4 b5 29. Qxd3 Qxd3 30. Rxd3 Rxb2 31. Bxc6 Nxc6 32. Nce4 Rb1+ 33. Kg2 Rf8 34. Ne6 Re8 35. Nxg7 Kxg7 36. Nd6 Re6 37. Rc3 Ne7 38. Rc7 h6 39. h4 b4 40. axb4 Rxb4 41. Rxa7 Kf6 42. Ne8+ Kf7 43. Nc7 Re2 44. Nd5 Ree4 45. Nxb4 Rxb4 46. Bxh6 Ke6 47. Bf8 Nc6 48. Bxb4 Nxa7 49. Kf3 Nc6 50. Bc3 Ne7 51. Ke4 Nf5 52. Bb4 Ng7 53. g4 Ne8 54. Kf4 Nf6 55. Bd2 Kf7 56. f3 Nh7 57. Ke5 Ke7 58. Bb4+ Kf7 59. g5 Kg7 60. Ke6 Kg8 61. f4 Kg7 62. f5 gxf5 63. Kxf5 1-0

[Event "Automne/Fall op"]
[Site "Montreal CAN"]
[Date "1982.11.20"]
[Round "2"]
[White "Morin, Louis"]
[Black "Page, Roger"]
[Result "1/2-1/2"]
[WhiteElo "1968"]
[BlackElo "1739"]
[PlyCount "54"]
[GameId "2160767912811188"]
[EventDate "1982.11.20"]
[EventType "swiss"]
[EventRounds "4"]
[EventCountry "CAN"]
[SourceTitle "hb 2013"]

1. d4 Nf6 2. c4 e5 3. dxe5 Ng4 4. Nf3 Bc5 5. e3 Nc6 6. g3 Ngxe5 7. Nxe5 Nxe5 8. Qe2 d5 9. Bg2 dxc4 10. O-O Bg4 11. f3 Bf5 12. Rd1 Bd3 13. Qe1 Qf6 14. f4 Nc6 15. Nc3 O-O-O 16. Ne4 Bxe4 17. Bxe4 Qe6 18. Rxd8+ Rxd8 19. Bg2 Nb4 20. Qe2 Rd3 21. Qh5 Bxe3+ 22. Bxe3 Qxe3+ 23. Kh1 Qd4 24. Re1 Re3 25. Bxb7+ Kxb7 26. Qb5+ Kc8 27. Rxe3 Qxe3 1/2-1/2

[Event "Automne/Fall op"]
[Site "Montreal CAN"]
[Date "1982.11.21"]
[Round "4"]
[White "Morin, Louis"]
[Black "Desforges, Jean"]
[Result "1/2-1/2"]
[WhiteElo "1968"]
[BlackElo "1900"]
[PlyCount "105"]
[GameId "2160767912811189"]
[EventDate "1982.11.20"]
[EventType "swiss"]
[EventRounds "4"]
[EventCountry "CAN"]
[SourceTitle "hb 2013"]

1. d4 Nf6 2. c4 e6 3. Nf3 b6 4. g3 Bb7 5. Bg2 Be7 6. O-O O-O 7. Nc3 d5 8. Ne1 c5 9. dxc5 bxc5 10. cxd5 exd5 11. Bg5 Nbd7 12. Qd2 Rb8 13. Rd1 d4 14. Bxf6 Nxf6 15. Qc2 Qc8 16. Bxb7 Rxb7 17. Ne4 Nxe4 18. Qxe4 Re8 19. Qc2 Qe6 20. b3 Bf8 21. Rd2 a5 22. Nd3 Rc8 23. Qc4 Qxc4 24. bxc4 Bd6 25. Rb2 Rxb2 26. Nxb2 Kf8 27. Nd3 Rb8 28. Rc1 Ke7 29. Rc2 g5 30. Rb2 Rxb2 31. Nxb2 f5 32. Nd3 Kf6 33. h3 h5 34. Kg2 Ke6 35. Kf3 Kf6 36. a4 Ke6 37. Nc1 Ke5 38. Nb3 g4+ 39. hxg4 hxg4+ 40. Kg2 Ke4 41. Nxa5 d3 42. exd3+ Kxd3 43. Nb7 Bb8 44. Nxc5+ Kxc4 45. Ne6 Be5 46. Kf1 Kb4 47. Ke2 Kxa4 48. Kd3 Bb8 49. Kc4 Ka3 50. Kd5 Kb2 51. Nf4 Ba7 52. Ke5 Kc2 53. Kxf5 1/2-1/2

[Event "Automne/Fall op"]
[Site "Montreal CAN"]
[Date "1982.11.21"]
[Round "4"]
[White "Picard, Claude"]
[Black "Sasseville, Jean"]
[Result "1-0"]
[WhiteElo "1959"]
[BlackElo "1970"]
[PlyCount "91"]
[GameId "2160767912811190"]
[EventDate "1982.11.20"]
[EventType "swiss"]
[EventRounds "4"]
[EventCountry "CAN"]
[SourceTitle "FQE 06"]

1. d4 g6 2. e4 Bg7 3. Nc3 d6 4. Be2 h5 5. Be3 Nh6 6. f3 e5 7. Qd2 Nc6 8. Bb5 Bd7 9. Nge2 a6 10. Ba4 b5 11. Bb3 exd4 12. Nxd4 Ne5 13. a4 b4 14. Nd1 Rb8 15. Ne2 Qe7 16. O-O f6 17. Nf2 Nhf7 18. Nf4 c6 19. Rad1 Bh6 20. N4d3 Bxe3 21. Qxe3 Be6 22. Bxe6 Qxe6 23. b3 O-O 24. Nf4 Qe7 25. Rd2 Rfe8 26. N2d3 Kg7 27. Qd4 Kh6 28. Nb2 g5 29. Ne2 a5 30. Ng3 Kg6 31. Nd1 Qe6 32. f4 gxf4 33. Rxf4 c5 34. Qf2 Ng4 35. Qf1 Ngh6 36. Ne3 Qe5 37. Nd5 Re6 38. Rf5 Qb2 39. Nf4+ Kh7 40. Nxe6 Re8 41. Rxf6 h4 42. Rxf7+ Kh8 43. Rf8+ Rxf8 44. Qxf8+ Kh7 45. Qe7+ Kg6 46. Nf4# 1-0